Carregant...

Economic survey 1974-75.

Dades bibliogràfiques
Format: Printed Book
Publicat: New Delhi : Govt.Of India, 1974.
Matèries:
LEADER 00402nam a22001217a 4500
082 |a 330.954  |b ECO 
245 |a Economic survey 1974-75. 
260 |a New Delhi :  |b Govt.Of India,  |c 1974. 
300 |a 112p.; 
650 |a Economics  |v Survey  |z India 
942 |c BK 
999 |c 100947  |d 100947 
952 |0 0  |1 0  |4 0  |6 330_954000000000000_ECO  |7 0  |9 94491  |a SSS  |b SSS  |c CAS  |d 2012-05-28  |l 0  |o 330.954 ECO  |p SSSMK1484  |r 2012-05-28  |w 2012-05-28  |y BK